000 01796 a2200217 4500
001 39717
005 20260407155654.0
008 260407a1962 arg spa d
003 AR-UNSa-BCEJYS
040 _aAR-UNSa-BCEJYS
_bspa
_cAR-UNSa-BCEJYS
080 _a910
_xGeneralidades. La geografía como ciencia. Exploraciones. Viajes
245 1 0 _aGeografía General
264 1 _aBuenos Aires :
_bKapelusz
_c1962
300 _a199 p.
_c24 cm.
505 _aParte I: Geografía física : 1. La tierra en el Universo - 2. La orientación - 3. El día, la noche y la hora - 4. Las estaciones - 5. Las cartas geografícas - 6. Las rosas - 7. La construcción del relieve - 8. Volcanes y temblores de tierra - 9. La destrucción del relieve - 10. Los cursos de agua - 11. Glaciares y lagos - 12. Mares y océanos - 13. Las cosas - 14. El clima: temperatura y vientos - 15. Lluvias y climas - Parte II: La vida en la superficie del globo : 16. Vegetales y animales - 17. Las grandes zonas de vida - 18. Los hombres en los países cálidos - 19. Los hombres en los países secos - 20. Los hombresen los países fríos - 21. Los hombres en las regiones templadas - 22. Casas y pueblos de ls regiones templadas - 22. Casas y pueblos de las regiones templadas - 23. Las ciudades - 24. La producción de materia primas - 25. Artesanías e industria - 26. La circulación - Parte III: Las grandes etapas en el descubrimiento de la tierra: 27. El hombre en el universo - 28. El descubrimiento de la Tierra en la antigúedad y en la edad media - 29. El descubrimiento de la Tierra entre los siglos XVI y XIX - 30. Las expediciones modernas.
942 _cBK
590 _aniveau_biblio:m niveau_hierar:0
100 1 _aPerpillou, Aime Vincent
700 1 _aPernet, Lucien
700 1 _aRampa, Alfredo César
999 _c3098
_d3098